| 000 | 01305nam a2200241Ii 4500 | ||
|---|---|---|---|
| 003 | JO-AjNU | ||
| 005 | 20241110130118.0 | ||
| 008 | 230605s9999||||xx |||||||||||||| ||und|| | ||
| 040 |
_aJO-AjNU _bara _erda _cJO-AjNU |
||
| 041 | _aara | ||
| 050 | 1 | 4 | _aBP173.756 2018 |
| 100 |
_aالمومني، إيمان عدنان _eمعد _965974 |
||
| 245 | 0 | 0 |
_aامكانية انشاء صندوق وقفي استثماري في البنك الاسلامي: دراسة مقارنة على البنك الاسلامي الاردني = The Posibilitiy Of Establishment an Endowment (WAQF) Fund in Islamic Bank: An Empirical Study in Jordan Islamic Bank _c/ اعداد إيمان عدنان المومني ؛ اشراف أسامة العاني |
| 264 | 3 | 1 | _a 2018 |
| 300 | _a126 ورقة | ||
| 336 |
_atext _btxt _2rdacontent |
||
| 337 |
_aunmediated _bn _2rdamedia |
||
| 338 |
_avolume _bnc _2rdacarrier |
||
| 500 | _aرساله جامعيه (ماجستير في المصارف الاسلامية) - جامعة عجلون الوطنيه (عجلون ، الاردن) ، كلية ادارة الاعمال تخصص المصارف الاسلامية، 2018 | ||
| 650 | 4 |
_aالاستثمار - البنك الاسلامي - الاردن _958768 |
|
| 700 |
_aأسامة العاني _eمشرف _965975 |
||
| 942 |
_2lcc _cTHS |
||
| 999 |
_c29977 _d29977 |
||